[Event "AUTO-MASTER-1172"]
[Site "http://www.queenalice.com/game.php?id=805540"]
[Date "2010.7.19"]
[Round "1"]
[White "Veselin_Topalov"]
[Black "marinachess"]
[Result "0-1"]
[WhiteElo "1699"]
[BlackElo "1947"]

1. e4 e5 2. Nf3 Nc6 3. Bb5 Nf6 4. O-O d6 5. d4 exd4 6. Nxd4 Bd7 7. Nc3 Be7 8. f4
a6 9. Ba4 b5 10. Bb3 O-O 11. Re1 Nxd4 12. Qxd4 c5 13. Bxf7+ Rxf7 14. Qf2 Bc6 15.
h3 b4 16. Nd5 Nxd5 17. exd5 Bxd5 18. Bd2 Bh4 0-1

[Event "AUTO-MASTER-1172"]
[Site "http://www.queenalice.com/game.php?id=805541"]
[Date "2010.7.19"]
[Round "1"]
[White "marinachess"]
[Black "Veselin_Topalov"]
[Result "1-0"]
[WhiteElo "1940"]
[BlackElo "1706"]

1. e4 c5 2. Nf3 Nc6 3. d4 cxd4 4. Nxd4 Nf6 5. Nc3 e5 6. Nf3 Bb4 7. Bd3 d5 8.
exd5 Nxd5 9. O-O Nxc3 10. bxc3 Bxc3 11. Rb1 O-O 12. Bb2 Bxb2 13. Rxb2 h6 14. Re1
Re8 15. Bb5 Qxd1 16. Rxd1 Bg4 17. Rb3 e4 18. h3 Be6 19. Rc3 1-0

[Event "AUTO-MASTER-1172"]
[Site "http://www.queenalice.com/game.php?id=805556"]
[Date "2010.7.19"]
[Round "1"]
[White "superga49"]
[Black "marinachess"]
[Result "1-0"]
[WhiteElo "2121"]
[BlackElo "1953"]

1. e4 c5 2. Nf3 d6 3. d4 cxd4 4. Nxd4 e5 5. Nb3 Nf6 6. Nc3 Be7 7. Bc4 O-O 8. O-O
Nc6 9. Bg5 a6 10. Bxf6 Bxf6 11. Nd5 Be6 12. f4 b5 13. Nxf6+ Qxf6 14. Bxe6 Qxe6
15. f5 Qc4 16. f6 Qxe4 17. fxg7 Kxg7 18. Qxd6 Nd4 19. Qf6+ Kg8 20. Rae1 Qxc2 21.
Rxe5 Ne6 22. Nd4 Qxb2 23. Nxe6 fxe6 24. Rg5# 1-0

[Event "AUTO-MASTER-1172"]
[Site "http://www.queenalice.com/game.php?id=805557"]
[Date "2010.7.19"]
[Round "1"]
[White "marinachess"]
[Black "superga49"]
[Result "1/2-1/2"]
[WhiteElo "1974"]
[BlackElo "2108"]

1. e4 c5 2. Nf3 d6 3. Bc4 Nc6 4. O-O Nf6 5. d3 Bg4 6. Be3 e6 7. Nbd2 Be7 8. h3
Bh5 9. c3 O-O 10. Qc2 Na5 11. a3 Nxc4 12. dxc4 Bg6 13. Nh4 Qc7 14. f4 Bxe4 15.
Nxe4 Nxe4 16. Qxe4 Bxh4 17. f5 Qe7 18. Qg4 exf5 19. Qf3 Qe4 20. Qxe4 fxe4 21.
Rf4 Bg5 22. Rxe4 Bxe3+ 23. Rxe3 Rae8 24. Rae1 Rxe3 25. Rxe3 f6 26. Re7 Rf7 27.
Re8+ Rf8 28. Re7 Rb8 29. Rd7 b5 30. cxb5 Rxb5 31. Rxd6 Rxb2 32. Rd8+ Kf7 33.
Rd7+ Kg6 34. Rc7 Rb3 35. Rxc5 Rxa3 36. c4 a5 37. Rc8 a4 38. c5 Ra1+ 39. Kh2 a3
40. Ra8 h5 41. c6 a2 42. c7 Rc1 43. Rxa2 Rxc7 44. Ra3 h4 45. Ra4 Kg5 46. Rg4+
Kh5 47. Ra4 g5 48. Rd4 Rc5 49. Rd8 f5 50. Rh8+ Kg6 51. Rg8+ Kf6 52. Rf8+ Kg7 53.
Rd8 f4 54. Rd7+ Kg6 55. Rd6+ Kh5 56. Rd8 Rf5 57. Rh8+ Kg6 58. Rc8 f3 59. Rc6+
Kh5 60. gxf3 Rxf3 61. Rc4 Rf2+ 62. Kg1 Ra2 63. Rg4 Rb2 64. Kh1 Rf2 65. Kg1 Rf4
66. Rg2 Kg6 67. Kh2 Kf5 68. Kg1 Rf3 69. Kh2 Kf4 70. Rg4+ Kf5 71. Rg2 Re3 72. Rg4
Re2+ 73. Kg1 Re4 74. Rg2 Kf4 75. Rg4+ Kf5 76. Rg2 Re3 77. Kh2 Rf3 1/2-1/2

[Event "AUTO-MASTER-1172"]
[Site "http://www.queenalice.com/game.php?id=805568"]
[Date "2010.7.19"]
[Round "1"]
[White "marinachess"]
[Black "FabioSelinger"]
[Result "0-1"]
[WhiteElo "1957"]
[BlackElo "1941"]

1. e4 c6 2. d4 d5 3. e5 Bf5 4. Nf3 e6 5. Be2 Nd7 6. O-O Qb6 7. c3 Ne7 8. b3 c5
9. Be3 Bxb1 10. Rxb1 Nc6 11. h3 cxd4 12. cxd4 Be7 13. Nh2 Rc8 14. f4 O-O 15. f5
exf5 16. Rxf5 g6 17. Rf1 Ndxe5 18. Ng4 Nxg4 19. Bxg4 f5 20. Bf3 Rfd8 21. Re1 Nb4
22. Bf2 Bf6 23. a3 Nc2 24. Re2 Nxa3 25. Rc1 Rxc1 26. Qxc1 Nb5 27. Bxd5+ Rxd5 28.
Qc8+ Kg7 29. Re8 Rd8 30. Rxd8 Bxd8 31. Qd7+ Kf8 32. d5 Nd4 33. Kh1 Bf6 34. d6
Qc6 35. Qxh7 Qc1+ 36. Kh2 Be5+ 37. Bg3 Bxg3+ 38. Kxg3 Qe1+ 39. Kh2 Qe5+ 40. Kh1
Ne2 41. Qh6+ Kf7 42. Qh7+ Ke8 43. Qxg6+ Kd7 44. Qf7+ Kxd6 45. Qxb7 Qa1+ 0-1

[Event "AUTO-MASTER-1172"]
[Site "http://www.queenalice.com/game.php?id=805569"]
[Date "2010.7.19"]
[Round "1"]
[White "FabioSelinger"]
[Black "marinachess"]
[Result "0-1"]
[WhiteElo "1943"]
[BlackElo "1941"]

1. e4 c5 2. Nc3 d6 3. g3 Nf6 4. Bg2 e5 5. Nge2 Be7 6. O-O Nc6 7. d3 Be6 8. f4
exf4 9. gxf4 Bg4 10. Qe1 O-O 11. Qg3 b5 12. h3 Bh5 13. f5 Rb8 14. Bg5 b4 15.
Bxf6 Bxf6 16. Nf4 bxc3 17. Nxh5 cxb2 18. Nxf6+ Qxf6 19. Rab1 Nd4 20. Rf2 a5 21.
c3 Nb5 22. e5 dxe5 23. c4 Nd4 24. Rbxb2 Rxb2 25. Rxb2 e4 26. Rd2 Nxf5 27. Qf4 e3
28. Re2 g6 29. Rxe3 Qa1+ 30. Kh2 Nxe3 31. Qxe3 Qxa2 32. Qxc5 a4 33. Kg3 Qb3 34.
Qd4 a3 35. h4 a2 36. h5 Qb1 37. h6 a1=Q 38. Qc5 Qe1+ 39. Kh3 Qe6+ 40. Kh2 Qae5+
0-1

[Event "BRASIL-FEMININO"]
[Site "http://www.queenalice.com/game.php?id=863358"]
[Date "2010.11.24"]
[Round "5"]
[White "marinachess"]
[Black "magrella"]
[Result "0-1"]
[WhiteElo "1979"]
[BlackElo "1868"]

1. e4 e5 2. Nf3 Nf6 3. d3 Nc6 4. Be2 d5 5. exd5 Nxd5 6. O-O h6 7. Be3 Be6 8. c4
Nxe3 9. fxe3 Bc5 10. Kh1 Bxe3 11. Qb3 Bb6 12. Nbd2 O-O 13. a3 a5 14. Qc3 Nd4 15.
Nxd4 Bxd4 16. Qc2 c5 17. Nf3 Qd7 18. Rae1 b5 19. b3 Rab8 20. Bd1 f6 21. Qe2 bxc4
22. dxc4 Bc3 23. Nd2 Bxd2 24. Qe4 Bxe1 25. Rxe1 Rfd8 26. Bc2 g5 27. h3 Qg7 28.
Qc6 Qe7 29. Qe4 Qd7 30. Rf1 Rf8 0-1

[Event "AUTO-MASTER-2225"]
[Site "http://www.queenalice.com/game.php?id=1333428"]
[Date "2015.1.7"]
[Round "1"]
[White "Paraucho"]
[Black "marinachess"]
[Result "0-1"]
[WhiteElo "2029"]
[BlackElo "1978"]

1. e4 e5 2. Bc4 Nf6 3. Qe2 Bc5 4. Nf3 d6 5. h3 O-O 6. c3 c6 7. O-O a6 8. Rd1 Be6
9. Bxe6 fxe6 10. d4 exd4 11. cxd4 Ba7 12. Bg5 h6 13. Bh4 Qb6 14. Nc3 Nbd7 15. d5
cxd5 16. exd5 e5 17. b3 Rac8 18. Na4 Qb4 19. Rd2 e4 20. Ne1 e3 21. fxe3 Qxh4 22.
Nf3 Qg3 23. Rd3 Ne4 24. Rf1 Ndf6 25. Qe1 Qg6 26. Nh4 Qg5 27. Nf5 Rc2 28. g3 Qh5
29. h4 Re2 30. Qd1 Qg4 31. Rf4 Rxe3 32. Qxg4 Rxd3+ 33. Kg2 Nxg4 34. Ne7+ Kh7 35.
Rxf8 Rd2+ 36. Kf1 Nh2+ 37. Ke1 Bf2+ 0-1

[Event "AUTO-MASTER-2225"]
[Site "http://www.queenalice.com/game.php?id=1333429"]
[Date "2015.1.7"]
[Round "1"]
[White "marinachess"]
[Black "Paraucho"]
[Result "1-0"]
[WhiteElo "1959"]
[BlackElo "2046"]

1. e4 c6 2. d4 e6 3. Bd3 d5 4. e5 Qb6 5. Nf3 c5 6. O-O cxd4 7. Nxd4 Bd7 8. c3
Nc6 9. Nxc6 Bxc6 10. Nd2 Ne7 11. Kh1 Ng6 12. f4 Be7 13. Nb3 Ba4 14. Qg4 O-O-O
15. Nd4 f5 16. exf6 Bxf6 17. Qxe6+ Qxe6 18. Nxe6 Rde8 19. f5 Ne5 20. Be2 Bd7 21.
Nd4 Nc6 22. Nxc6 Bxc6 23. Bf3 Re7 24. Bf4 Rhe8 25. Rad1 Rd7 26. Rfe1 Red8 27.
Re6 Rf7 28. Rde1 h6 29. Bh5 Rfd7 30. Be8 Re7 31. Rxe7 1-0

[Event "AUTO-MASTER-2225"]
[Site "http://www.queenalice.com/game.php?id=1333444"]
[Date "2015.1.7"]
[Round "1"]
[White "Abstro"]
[Black "marinachess"]
[Result "0-1"]
[WhiteElo "1709"]
[BlackElo "2038"]

1. d4 d5 2. c4 e6 3. e3 Nf6 4. a3 Be7 5. Nc3 O-O 6. Nf3 Nbd7 7. b4 a5 8. Qa4 Nb6
9. Qb3 axb4 10. c5 bxc3 11. cxb6 cxb6 12. Qxc3 Bd7 13. Bd3 Rc8 14. Qb3 Ne4 15.
O-O Rc3 16. Qb1 Ba4 0-1

[Event "AUTO-MASTER-2225"]
[Site "http://www.queenalice.com/game.php?id=1333445"]
[Date "2015.1.7"]
[Round "1"]
[White "marinachess"]
[Black "Abstro"]
[Result "1-0"]
[WhiteElo "2035"]
[BlackElo "1712"]

1. e4 e5 2. Nf3 Nc6 3. Bb5 d6 4. c3 Be7 5. d4 Bd7 6. d5 Nb8 7. Qe2 a6 8. Bxd7+
Nxd7 9. O-O Ngf6 10. Bg5 O-O 11. h3 Nxd5 12. Bxe7 Nxe7 13. Nh2 f5 14. Qc4+ Kh8
15. exf5 Rxf5 16. Nd2 1-0

[Event "AUTO-MASTER-2225"]
[Site "http://www.queenalice.com/game.php?id=1333456"]
[Date "2015.1.7"]
[Round "1"]
[White "marinachess"]
[Black "linchau"]
[Result "0-1"]
[WhiteElo "2042"]
[BlackElo "1993"]

1. e4 c5 2. Nf3 d6 3. d4 cxd4 4. Nxd4 Nf6 5. Nc3 Nc6 6. Be3 g6 7. Bb5 Qc7 8. Nd5
Qd7 9. O-O Bg7 10. Nb4 O-O 11. Nbxc6 Qc7 12. Nb4 Nxe4 13. Bd3 Nc5 14. Nb5 Qd8
15. c3 Nxd3 16. Nxd3 Bd7 17. Nd4 Rc8 18. Qf3 e5 19. Nb3 Bc6 20. Qg3 f5 21. Qg5
Bf6 22. Qh6 Bg7 23. Qh3 Bd7 24. Bh6 f4 25. Bg5 Bxh3 26. Bxd8 Bf5 27. Be7 Rf7 28.
Bxd6 Bxd3 29. Rfd1 Bf5 30. Bb4 Rd7 31. Nc5 Rdc7 32. Rd5 Bf8 33. Nb3 Bxb4 34.
cxb4 e4 35. h3 Rc2 36. Nd4 Rxb2 37. Nxf5 gxf5 0-1

[Event "AUTO-MASTER-2225"]
[Site "http://www.queenalice.com/game.php?id=1333457"]
[Date "2015.1.7"]
[Round "1"]
[White "linchau"]
[Black "marinachess"]
[Result "0-1"]
[WhiteElo "2089"]
[BlackElo "2045"]

1. d4 d5 2. c4 Nf6 3. Nc3 e6 4. Bg5 Be7 5. e3 O-O 6. Nf3 h6 7. Bh4 Ne4 8. Bg3
Bb4 9. Qc2 Nd7 10. a3 Bxc3+ 11. bxc3 c5 12. Bd3 cxd4 13. Nxd4 Qa5 14. Bxe4 dxe4
15. O-O Nc5 16. f3 exf3 17. Rxf3 Bd7 18. Nb5 Bxb5 19. cxb5 Qxb5 20. Rd1 Rfd8 21.
Rdf1 Rd7 22. Bf4 Rad8 23. Bxh6 f5 24. Rg3 Ne4 0-1

[Event "AUTO-MASTER-2247"]
[Site "http://www.queenalice.com/game.php?id=1340758"]
[Date "2015.2.11"]
[Round "1"]
[White "marinachess"]
[Black "Modaste"]
[Result "1-0"]
[WhiteElo "2022"]
[BlackElo "2194"]

1. e4 e6 2. d4 d5 3. e5 c5 4. c3 Nc6 5. Bb5 Qb6 6. Bxc6+ bxc6 7. Ne2 Ba6 8. O-O
cxd4 9. cxd4 Bxe2 10. Qxe2 Qxd4 11. Nc3 Qb6 12. b3 Bb4 13. Na4 Qb7 14. Qg4 g6
15. Bg5 h6 16. Be3 Ne7 17. Bc5 Bxc5 18. Nxc5 Qc7 19. Qf4 O-O 20. Qxh6 Rfd8 21.
Rfe1 a5 22. Re3 Nf5 23. Qg5 d4 24. Rh3 Qxe5 25. Nd3 Qg7 26. g4 Nd6 27. Rc1 Ne4
28. Qf4 Nc3 29. Rc2 a4 30. b4 Rd5 31. a3 e5 32. Qd2 Nb5 33. Rxc6 Rad8 34. Nc5
Nc3 35. Qc2 R5d6 36. Rxd6 Rxd6 37. Nxa4 Nxa4 38. Qc8+ 1-0

[Event "AUTO-MASTER-2247"]
[Site "http://www.queenalice.com/game.php?id=1340759"]
[Date "2015.2.11"]
[Round "1"]
[White "Modaste"]
[Black "marinachess"]
[Result "0-1"]
[WhiteElo "2192"]
[BlackElo "1996"]

1. Nf3 d5 2. g3 c5 3. Bg2 Nf6 4. O-O Bg4 5. h3 Bd7 6. c4 e6 7. Nc3 d4 8. Nb5
Bxb5 9. cxb5 Bd6 10. d3 O-O 11. Bg5 h6 12. Bxf6 Qxf6 13. Nd2 Nd7 14. Bxb7 Rab8
15. Bc6 Ne5 16. Bg2 Rxb5 17. Qa4 Rxb2 18. Ne4 Qe7 19. f4 Ng6 20. Nxd6 Qxd6 21.
Bf3 e5 22. f5 e4 23. Bxe4 Qxg3+ 24. Bg2 Rxe2 25. Qc6 Nh4 0-1

[Event "AUTO-MASTER-2247"]
[Site "http://www.queenalice.com/game.php?id=1340760"]
[Date "2015.2.11"]
[Round "1"]
[White "marinachess"]
[Black "Zugswang"]
[Result "1-0"]
[WhiteElo "2020"]
[BlackElo "2224"]

1. e4 Nf6 2. e5 Nd5 3. c4 Nb6 4. d4 d6 5. f4 g6 6. Nf3 Bg7 7. Bd3 Bg4 8. O-O O-O
9. h3 Bxf3 10. Qxf3 Nc6 11. d5 Nb4 12. Nc3 Nxd3 13. Qxd3 dxe5 14. fxe5 Bxe5 15.
Bh6 Re8 16. Qf3 f5 17. c5 Nc4 18. Qe2 Bxc3 19. Qe6+ Kh8 20. bxc3 b5 21. Rf4 Rf8
22. Re1 Rf6 23. Qxe7 Qxe7 24. Rxe7 Ra6 25. Rxc7 Re8 26. d6 Nxd6 27. cxd6 Rxd6
28. Rxa7 Rd3 29. Rb4 Rd5 30. c4 bxc4 31. Rbb7 Rc8 32. Rxh7+ Kg8 33. Rag7+ 1-0

[Event "AUTO-MASTER-2247"]
[Site "http://www.queenalice.com/game.php?id=1340761"]
[Date "2015.2.11"]
[Round "1"]
[White "Zugswang"]
[Black "marinachess"]
[Result "1-0"]
[WhiteElo "2217"]
[BlackElo "2044"]

1. e4 c5 2. Bc4 e6 3. Nc3 Ne7 4. d4 cxd4 5. Qxd4 Nbc6 6. Qd1 g6 7. Be3 Bg7 8.
Nge2 O-O 9. O-O a6 10. Qd2 b5 11. Bb3 Bb7 12. a3 Rc8 13. Bh6 Qb6 14. h4 Ne5 15.
Bxg7 Kxg7 16. h5 b4 17. axb4 Qxb4 18. Ra4 Qc5 19. h6+ Kg8 20. Nd4 Ng4 21. f3 Nf6
22. Rf2 Qh5 23. Qf4 Ne8 24. g4 Qh4 25. Rb4 Ba8 26. Ba4 Nc6 27. Nxc6 Bxc6 28.
Bxc6 Rxc6 29. Rb7 d6 30. Qh2 Qg5 31. Qh3 Qe3 32. Kg2 Rb6 33. Rxb6 Qxb6 34. b3
Qd4 35. Ne2 Qe5 36. Qh2 Qb2 37. Nf4 Nf6 38. g5 Nd7 39. Nd3 Qd4 40. Qf4 f5 41.
exf5 Rxf5 42. Qxd4 1-0

[Event "AUTO-MASTER-2247"]
[Site "http://www.queenalice.com/game.php?id=1340762"]
[Date "2015.2.11"]
[Round "1"]
[White "marinachess"]
[Black "junipero"]
[Result "0-1"]
[WhiteElo "2041"]
[BlackElo "1955"]

1. e4 c5 2. Nf3 Nc6 3. Bc4 d6 4. O-O Nf6 5. d3 h6 6. Nc3 e5 7. Be3 Be7 8. h3 O-O
9. Nh2 a6 10. f4 Nd4 11. fxe5 dxe5 12. Nd5 b5 13. Bb3 Bb7 14. Nxf6+ Bxf6 15. Ng4
Bg5 16. Bxg5 Qxg5 17. c3 Nxb3 18. Qxb3 c4 19. Rf5 cxb3 20. Rxg5 hxg5 21. Nxe5
Rad8 22. axb3 f6 23. Nf3 Rxd3 24. Nd4 Bxe4 25. Rxa6 Rd2 26. Nxb5 Rxg2+ 27. Kf1
Rxb2 28. b4 Bd3+ 0-1

[Event "AUTO-MASTER-2247"]
[Site "http://www.queenalice.com/game.php?id=1340763"]
[Date "2015.2.11"]
[Round "1"]
[White "junipero"]
[Black "marinachess"]
[Result "1-0"]
[WhiteElo "1939"]
[BlackElo "2063"]

1. d4 Nf6 2. c4 d5 3. e3 Bf5 4. Nc3 e6 5. a3 Be7 6. c5 O-O 7. b4 Nbd7 8. Bb2 c6
9. Nf3 b6 10. Bd3 bxc5 11. Bxf5 exf5 12. dxc5 Ne4 13. O-O Bf6 14. Qc2 Ne5 15.
Nxe5 Bxe5 16. f3 Nxc3 17. Bxc3 Qf6 18. Bxe5 Qxe5 19. Qd3 Rfe8 20. Rae1 h6 21.
Qd4 Re7 22. Qxe5 Rxe5 23. Rf2 Rae8 24. Rfe2 d4 25. e4 fxe4 26. Rxe4 Rxe4 27.
Rxe4 Rd8 28. Re1 f6 29. Kf2 Kf7 30. Ke2 Rd7 31. Kd3 f5 32. f4 Kf6 33. h3 g5 34.
fxg5+ hxg5 35. g3 a6 36. a4 Rb7 37. Kc4 Rd7 38. b5 axb5+ 39. axb5 cxb5+ 40. Kxb5
d3 41. c6 d2 42. Rd1 1-0